Don Victorino Garrido. Con algunas apuntaciones sobre su época
সংরক্ষণ করুন:
| প্রধান লেখক: | |
|---|---|
| বিন্যাস: | গ্রন্থ |
| ভাষা: | স্প্যানিশ |
| প্রকাশিত: |
Santiago
Talleres de El Imparcial
1940
|
| সংস্করন: | 1a. ed |
| বিষয়গুলি: | |
| ট্যাগগুলো: |
ট্যাগ যুক্ত করুন
কোনো ট্যাগ নেই, প্রথমজন হিসাবে ট্যাগ করুন!
|
MARC
| LEADER | 00000nam a2200000 a 4500 | ||
|---|---|---|---|
| 001 | UCJ5305 | ||
| 003 | CL-VaPUC | ||
| 008 | 070124e19400000CL |||||||||||||||||spa|d | ||
| 082 | 0 | 4 | |a 923 |b GAR |2 21 |
| 100 | 0 | |a Roldán, Alcibíades |e author |9 510356 | |
| 245 | 1 | 0 | |a Don Victorino Garrido. Con algunas apuntaciones sobre su época |
| 250 | |a 1a. ed | ||
| 300 | |a 144 p | ||
| 942 | |c BK | ||
| 945 | |d 20070124 00:00:00 |a rinostro | ||
| 260 | |a Santiago |b Talleres de El Imparcial |c 1940 | ||
| 500 | |a Donación Padres Capuchinos | ||
| 600 | 0 | 7 | |a GARRIDO, VICTORINO |2 CL-VaPUC |9 510357 |
| 600 | 0 | |a Portales y Palazuelos, Diego, |d 1793-1837 |9 255516 | |
| 650 | 0 | |a Guerra de la independencia |9 331979 | |
| 650 | 7 | |a BIOGRAFIA |2 CL-VaPUC |9 504622 | |
| 650 | 0 | |a Guerra contra la confederación |9 506371 | |
| 650 | 0 | |a Diplomacia |9 256483 | |
| 650 | 0 | |a Iconografía |9 267998 | |
| 650 | 0 | |a Historia de Chile |9 265473 | |
| 651 | 7 | |a CHILE |2 CL-VaPUC |9 510358 | |
| 651 | 0 | |a Perú |9 256567 | |
| 583 | |a last modification |c 20070124 00:00:00 |k Rodrigo Vera | ||
| 999 | |c 321415 |d 321413 | ||
| 952 | |0 0 |1 0 |4 0 |6 923_000000000000000_GAR_1940 |7 0 |8 X |9 400145 |a FDOBUD |b FDOBUD |d 2019-11-22 |i 1032593 |o 923 GAR 1940 |p 1032593 |r 2019-11-22 |w 2019-11-22 |y BK_X |k BUD | ||
| 952 | |0 0 |1 0 |4 0 |6 923_000000000000000_GAR_1940 |7 0 |8 X |9 400146 |a FDOBUD |b FDOBUD |d 2019-11-22 |i 4401905 |o 923 GAR 1940 |p 4401905 |r 2019-11-22 |w 2019-11-22 |y BK_X |k BUD | ||